[Event "Xtracon Chess Open 2019"]
[Site "Helsingor DEN"]
[Date "2019.07.28"]
[Round "10.148"]
[White "Halldorsson, Tobias Kjar"]
[Black "Weersing, Nathan"]
[Result "1-0"]
[WhiteElo "1730"]
[BlackElo "1388"]
[WhiteFideId "1464701"]
[BlackFideId "467936"]
[EventDate "2019.07.20"]

1. d4 d5 2. Bf4 Nf6 3. Nf3 Bg4 4. Nbd2 e6 5. h3 Bh5 6. e3 c5 7. Be2 Nc6 8. c3
cxd4 9. exd4 Bd6 10. Ne5 Bxe2 11. Qxe2 O-O 12. O-O Qc7 13. Bh2 Nd7 14. f4 f6 15.
Nxc6 bxc6 16. Qxe6+ Kh8 17. Qe2 Rae8 18. Qf2 f5 19. g3 Nf6 20. Rfe1 Ne4 21. Nxe4
fxe4 22. Qe2 Rf6 23. Rac1 Ref8 24. Kg2 Rg6 25. Kh1 Rgf6 26. c4 Qb8 27. Rc3 Bc7
28. Rb3 Qd8 29. cxd5 cxd5 30. Bg1 R8f7 31. Rb7 Ba5 32. Rxf7 Rxf7 33. Rc1 Bb6 34.
Be3 h6 35. Qb5 Rf6 36. b4 Rd6 37. a4 Qf6 38. a5 Bxd4 39. Bxd4 Qxd4 40. Qb8+ Kh7
41. Qxd6 e3 42. Qe5 Qd2 43. Qc3 Qf2 44. Qc2+ Qxc2 45. Rxc2 Kg6 46. Kg2 Kf5 47.
Kf3 d4 48. g4+ Ke6 49. Ke4 Kd6 50. Kxd4 g5 51. fxg5 hxg5 52. Kxe3 a6 53. b5 axb5
54. a6 1-0

[Event "Xtracon Chess Open 2019"]
[Site "Helsingor DEN"]
[Date "2019.07.28"]
[Round "10.150"]
[White "Lindgaard, Tobias Simon"]
[Black "Gaure, Sigurd Lauvas"]
[Result "1-0"]
[WhiteElo "1804"]
[BlackElo "1657"]
[WhiteFideId "1419820"]
[BlackFideId "1524933"]
[EventDate "2019.07.20"]

1. Nf3 d5 2. g3 Nf6 3. Bg2 g6 4. O-O Bg7 5. d3 O-O 6. Qe1 c5 7. e4 dxe4 8. dxe4
Nc6 9. h3 b6 10. e5 Nd5 11. a3 Ba6 12. e6 Bxf1 13. exf7+ Rxf7 14. Kxf1 Nd4 15.
Ng5 Rf6 16. Qe4 Rd6 17. Nc3 Nxc3 18. bxc3 Nc6 19. Qc4+ e6 20. Nxe6 Qe7 21. Ng5+
Kf8 22. Nxh7+ Ke8 23. Bg5 Qe6 24. Re1 Be5 25. Qxe6+ Rxe6 26. f4 Kd7 27. fxe5 Rb8
28. Rd1+ Kc7 29. Bd5 1-0

[Event "Xtracon Chess Open 2019"]
[Site "Helsingor DEN"]
[Date "2019.07.28"]
[Round "10.151"]
[White "Zwisler, Lars Erik"]
[Black "Jannik, Morten Emil"]
[Result "1-0"]
[WhiteElo "1789"]
[BlackElo "1561"]
[WhiteFideId "1418351"]
[BlackFideId "1433814"]
[EventDate "2019.07.20"]

1. e4 c6 2. f4 d5 3. e5 Bf5 4. d3 e6 5. c4 dxc4 6. d4 Bd3 7. Bxd3 cxd3 8. Qxd3
Bc5 9. Nf3 Na6 10. O-O Qd7 11. a3 Rd8 12. Be3 Be7 13. Nc3 f5 14. b4 Nh6 15. h3
O-O 16. Kh2 Nc7 17. Ra2 c5 18. bxc5 Bxc5 19. Rc1 Be7 20. g3 Nd5 21. Nd2 Nxe3 22.
Qxe3 Qxd4 23. Qxd4 Rxd4 24. Nb5 Rd7 25. Nxa7 Bxa3 26. Rb1 Bc5 27. Nc4 Rfd8 28.
Nb5 Nf7 29. Kg2 Rd1 30. Rxd1 Rxd1 31. Ra8+ Rd8 32. Ra2 Rd1 33. Nd2 h6 34. Ra8+
Kh7 35. Nf3 Rd8 36. Ra4 g6 37. Nc7 b5 38. Ra2 1-0

[Event "Xtracon Chess Open 2019"]
[Site "Helsingor DEN"]
[Date "2019.07.28"]
[Round "10.152"]
[White "Overmark, Ole"]
[Black "Fjallheim, Elmar Reinert"]
[Result "1-0"]
[WhiteElo "1765"]
[BlackElo "1609"]
[WhiteFideId "1410776"]
[BlackFideId "7201095"]
[EventDate "2019.07.20"]

1. e4 e6 2. c4 d5 3. cxd5 exd5 4. exd5 Nf6 5. Nc3 Nxd5 6. d4 Be7 7. Qb3 Nf6 8.
Nf3 O-O 9. Be3 Nbd7 10. Bd3 Nb6 11. O-O Be6 12. Qc2 Bc4 13. Rad1 Bxd3 14. Rxd3
c6 15. Ne5 Nbd5 16. Nxd5 Nxd5 17. Bd2 Nb4 18. Bxb4 Bxb4 19. Rfd1 Bd6 20. Rh3 h6
21. Qb3 Bxe5 22. dxe5 Qc7 23. Qg3 Rad8 24. Rd6 Kh7 25. Qd3+ g6 26. Qe3 h5 27.
Rxh5+ 1-0

[Event "Xtracon Chess Open 2019"]
[Site "Helsingor DEN"]
[Date "2019.07.28"]
[Round "10.153"]
[White "Harders, Poul Erik"]
[Black "Fuchs, Jochen"]
[Result "0-1"]
[WhiteElo "1676"]
[BlackElo "1742"]
[WhiteFideId "1416251"]
[BlackFideId "16243943"]
[EventDate "2019.07.20"]

1. d4 f5 2. Nf3 d6 3. c4 Nf6 4. Nc3 g6 5. g3 Bg7 6. d5 e5 7. dxe6 Bxe6 8. Qd3
Na6 9. Ng5 Qd7 10. Nxe6 Qxe6 11. Nd5 Nxd5 12. cxd5 Qe7 13. Bg2 O-O 14. O-O Rae8
15. Re1 Nc5 16. Qc2 Ne4 17. f3 Nf6 18. Rb1 Kh8 19. b3 Nxd5 20. Bd2 Ne3 21. Bxe3
Qxe3+ 22. Kf1 Bd4 0-1

[Event "Xtracon Chess Open 2019"]
[Site "Helsingor DEN"]
[Date "2019.07.28"]
[Round "10.154"]
[White "Narheim, Mats"]
[Black "Brokso, Kim"]
[Result "1-0"]
[WhiteElo "1608"]
[BlackElo "1732"]
[WhiteFideId "1518607"]
[BlackFideId "1441477"]
[EventDate "2019.07.20"]

1. e4 c5 2. Nc3 d6 3. Nf3 g6 4. d3 Bg7 5. Be3 Nf6 6. Qd2 O-O 7. Bh6 Nbd7 8. h4
Nb6 9. h5 Bg4 10. Bxg7 Kxg7 11. hxg6 h5 12. gxf7 Kxf7 13. e5 Ke8 14. exf6 Rxf6
15. O-O-O a6 16. Be2 Qc7 17. Qe3 Re6 18. Qd2 Rf6 19. Ne4 Rf8 20. Nfg5 Kd7 21.
Bxg4+ 1-0

[Event "Xtracon Chess Open 2019"]
[Site "Helsingor DEN"]
[Date "2019.07.28"]
[Round "10.155"]
[White "Strachan, Christian C."]
[Black "Rempe, Mieke"]
[Result "1-0"]
[WhiteElo "1727"]
[BlackElo "1558"]
[WhiteFideId "1417215"]
[BlackFideId "16202384"]
[EventDate "2019.07.20"]

1. c4 e5 2. Nc3 d6 3. g3 Bf5 4. Bg2 c6 5. e4 Bg6 6. Nge2 Nf6 7. b3 Nbd7 8. O-O
Be7 9. Bb2 O-O 10. d4 Ne8 11. f4 Bh5 12. Qd2 Bxe2 13. Nxe2 exf4 14. Nxf4 c5 15.
Rad1 Nc7 16. e5 Rb8 17. exd6 Bxd6 18. dxc5 Bxc5+ 19. Kh1 Nb6 20. Qc3 Qg5 21. h4
Qh6 22. Qe5 Na6 23. Nd5 Rbe8 24. Qc3 Nxd5 25. Rxd5 Re3 26. Qd2 Qg6 27. Rg5 Rd3
28. Qf4 Be3 29. Rxg6 Bxf4 30. Rxg7+ 1-0

[Event "Xtracon Chess Open 2019"]
[Site "Helsingor DEN"]
[Date "2019.07.28"]
[Round "10.156"]
[White "Svane, Freja"]
[Black "Weber, Andreas"]
[Result "1-0"]
[WhiteElo "1600"]
[BlackElo "1704"]
[WhiteFideId "12940100"]
[BlackFideId "24652504"]
[EventDate "2019.07.20"]

1. d4 Nf6 2. c4 g6 3. Nc3 Bg7 4. Nf3 O-O 5. Bf4 d6 6. e3 Nbd7 7. Be2 Re8 8. Rc1
Nh5 9. Bg3 Nxg3 10. hxg3 e5 11. b3 e4 12. Nd2 f5 13. Nd5 c5 14. dxc5 dxc5 15. g4
Ne5 16. gxf5 Bxf5 17. g4 Bxg4 18. Bxg4 Nd3+ 19. Ke2 Nxc1+ 20. Qxc1 b5 21. Qf1
bxc4 22. bxc4 Rb8 23. Qh3 h6 24. Be6+ Kf8 25. Nxe4 Rb2+ 26. Kd3 Qa5 27. Qf3+ 1-0

[Event "Xtracon Chess Open 2019"]
[Site "Helsingor DEN"]
[Date "2019.07.28"]
[Round "10.157"]
[White "Nergard, Ole-Kristian"]
[Black "Linjord, David Jess"]
[Result "1-0"]
[WhiteElo "1505"]
[BlackElo "1701"]
[WhiteFideId "1543156"]
[BlackFideId "1527690"]
[EventDate "2019.07.20"]

1. e4 e5 2. Nf3 Nf6 3. d4 Nxe4 4. Bd3 d5 5. Nxe5 Bd6 6. O-O O-O 7. c4 c6 8. Nc3
Nf6 9. Bg5 Be7 10. Re1 h6 11. Bh4 dxc4 12. Bxc4 b5 13. Bb3 b4 14. Ne4 Nxe4 15.
Bxe7 Qxe7 16. Rxe4 Qd6 17. Nxf7 Qf6 18. Nxh6+ Kh7 19. Ng4 Bxg4 20. Rxg4 Qxf2+
21. Kh1 Rf6 22. Qd3+ Kh8 23. Bc2 Kg8 24. Qh7+ Kf8 25. Qxg7+ Ke8 26. Re4+ Kd8 27.
Qe7+ Kc8 28. Bd3 Rf7 29. Qxb4 Rg7 30. Re2 Qf6 31. Rae1 1-0

[Event "Xtracon Chess Open 2019"]
[Site "Helsingor DEN"]
[Date "2019.07.28"]
[Round "10.158"]
[White "Damm, Henrik"]
[Black "Kustagi, Zeeshan"]
[Result "1/2-1/2"]
[WhiteElo "1591"]
[BlackElo "1690"]
[WhiteFideId "1425013"]
[BlackFideId "1468839"]
[EventDate "2019.07.20"]

1. c4 e5 2. Nc3 Nf6 3. Nf3 Nc6 4. g3 g6 5. Bg2 Bg7 6. O-O O-O 7. d4 exd4 8. Nxd4
Ne5 9. b3 Re8 10. Bb2 d6 11. Re1 Rb8 12. e3 Bd7 13. Qc2 Nfg4 14. h3 Nh6 15. f4
Nc6 16. Rad1 Nxd4 17. exd4 Rxe1+ 18. Rxe1 Bxd4+ 19. Kh2 Nf5 20. Nd1 Bxb2 21.
Qxb2 Ng7 22. Qf2 a6 23. Nc3 Ne6 24. f5 Nc5 25. fxg6 hxg6 26. Rf1 f5 27. Nd5 c6
28. Nf4 Qf6 29. Rd1 Rd8 30. Qd4 Qxd4 31. Rxd4 Be8 32. b4 Na4 33. h4 Rd7 34. a3
Kg7 35. Rd1 Kf6 36. Re1 Bf7 37. Bf1 Nb6 38. Rc1 c5 39. Be2 Re7 40. Rd1 Rd7 41.
Rc1 Rc7 42. Rd1 Ke7 43. Rc1 cxb4 44. axb4 Nxc4 45. Bxc4 Rxc4 46. Rxc4 Bxc4 47.
Nxg6+ Kf6 48. h5 Kg5 49. Nf4 b6 50. Ng2 Kxh5 51. Ne3 Be6 52. Nc2 a5 53. bxa5
bxa5 54. Kg2 a4 55. Kf2 Bb3 56. Na3 Kg4 57. Kg2 d5 58. Kf2 d4 59. Nb5 d3 60. Ke3
Kxg3 61. Kxd3 f4 62. Nd4 f3 63. Nxf3 Kxf3 64. Kc3 Ke2 65. Kb2 Kd2 66. Kb1 Kc3
67. Ka1 Bg8 68. Kb1 a3 69. Ka1 Kb3 70. Kb1 Ka4 71. Ka1 Kb4 72. Kb1 Bh7+ 73. Ka1
Ka4 74. Ka2 Bg8+ 75. Ka1 Kb4 76. Kb1 Kc3 77. Ka1 Kb3 78. Kb1 Bh7+ 79. Ka1 Ka4
80. Ka2 Bc2 81. Ka1 Bb3 82. Kb1 Kb4 83. Ka1 Kb5 84. Kb1 1/2-1/2

[Event "Xtracon Chess Open 2019"]
[Site "Helsingor DEN"]
[Date "2019.07.28"]
[Round "10.159"]
[White "Hinrichs, Kurt"]
[Black "Nielsen, Peter"]
[Result "1/2-1/2"]
[WhiteElo "1225"]
[BlackElo "1686"]
[WhiteFideId "12994057"]
[BlackFideId "1707485"]
[EventDate "2019.07.20"]

1. d4 f5 2. Bf4 Nf6 3. e3 g6 4. Nf3 Bg7 5. Nbd2 O-O 6. c3 d6 7. Bd3 Qe8 8. O-O
Nh5 9. Bg5 e5 10. Qb3+ Kh8 11. dxe5 dxe5 12. Bc4 c6 13. e4 f4 14. Rad1 h6 15. h3
b5 16. Be2 Na6 17. c4 Nc5 18. Qc2 Ne6 19. h4 hxg5 20. hxg5 Qe7 21. cxb5 cxb5 22.
Qc6 Bb7 23. Qxb5 Nxg5 24. Nxg5 Qxg5 25. Bxh5 gxh5 26. Qxb7 h4 27. Nf3 Qg4 28.
Qd7 Qh5 29. Qh3 Rab8 30. b3 Rbd8 31. Qxh4 Qxh4 32. Nxh4 Kh7 33. f3 Bf6 34. Nf5
Rxd1 35. Rxd1 Rd8 36. Rxd8 Bxd8 37. a4 a5 38. Nd6 Kg6 39. Kf2 Bb6+ 40. Ke2 Kh5
41. Nc4 Bc7 42. Kf1 Kh4 43. Kg1 Kg3 44. Kh1 Kf2 45. Kh2 Ke2 46. Kh3 Kd3 47. g3
fxg3 48. Kxg3 Kc3 49. Nxe5 Bxe5+ 50. Kg4 Kxb3 51. f4 Bd4 52. e5 Kxa4 53. e6 Bc5
54. f5 Be7 55. Kh5 Kb5 56. Kg6 Kc6 57. Kf7 Bh4 58. e7 Bxe7 59. Kxe7 a4 60. f6 a3
61. f7 a2 62. f8=Q a1=Q 63. Qe8+ Kc5 64. Qc8+ Kd5 65. Qe6+ Kc5 66. Qd6+ Kc4 67.
Qe6+ Kd3 68. Qf5+ Ke3 69. Qe6+ 1/2-1/2

[Event "Xtracon Chess Open 2019"]
[Site "Helsingor DEN"]
[Date "2019.07.28"]
[Round "10.160"]
[White "Henriksen, Morgan"]
[Black "Lalla, Karol"]
[Result "1-0"]
[WhiteElo "1683"]
[BlackElo "1534"]
[WhiteFideId "1510495"]
[BlackFideId "12947407"]
[EventDate "2019.07.20"]

1. d4 f5 2. Nc3 Nf6 3. Bg5 e6 4. f3 Be7 5. e3 O-O 6. Qd2 d5 7. O-O-O c6 8. Bd3
Qa5 9. Nh3 Bb4 10. Kb1 c5 11. dxc5 Qxc5 12. Bxf6 gxf6 13. a3 Ba5 14. b4 Bxb4 15.
axb4 Qxb4+ 16. Kc1 Qa3+ 17. Kb1 Qb4+ 18. Ka2 a5 19. Rb1 Qe7 20. Nf4 Nc6 21. h3
Bd7 22. Rxb7 Rab8 23. Rhb1 Nb4+ 24. R7xb4 axb4 25. Nce2 b3+ 26. Rxb3 Rxb3 27.
cxb3 Ra8+ 28. Kb1 Qa3 29. Qb2 Qc5 30. e4 Ra3 31. exd5 e5 32. Nh5 Qb4 33. Nc1 Kf7
34. Ng3 f4 35. Ne4 Ra8 36. Qc3 Qb7 37. Nd6+ 1-0

[Event "Xtracon Chess Open 2019"]
[Site "Helsingor DEN"]
[Date "2019.07.28"]
[Round "10.161"]
[White "Starup, Leo"]
[Black "Jaques, Hannibal Valeur"]
[Result "0-1"]
[WhiteElo "1556"]
[BlackElo "1807"]
[WhiteFideId "1422669"]
[BlackFideId "1454188"]
[EventDate "2019.07.20"]

1. e4 e5 2. Nf3 Nc6 3. Bb5 a6 4. Ba4 Bc5 5. c3 Nf6 6. d3 O-O 7. O-O d6 8. h3 Be6
9. Bg5 b5 10. Bc2 Bb6 11. Nbd2 h6 12. Bh4 Qd7 13. Re1 Bxh3 14. gxh3 Qxh3 15. Nf1
Nh5 16. Ne3 g5 17. Nxg5 Qxh4 18. Nf3 Qh3 19. Nh2 Kh8 20. Qf3 Rg8+ 21. Neg4 Rxg4+
22. Qxg4 Rg8 23. Qxg8+ Kxg8 0-1

[Event "Xtracon Chess Open 2019"]
[Site "Helsingor DEN"]
[Date "2019.07.28"]
[Round "10.162"]
[White "Kristensen, Thomas Overgaard"]
[Black "Gjelstrup, Ole"]
[Result "1-0"]
[WhiteElo "1700"]
[BlackElo "1544"]
[WhiteFideId "1419803"]
[BlackFideId "1413481"]
[EventDate "2019.07.20"]

1. d4 d5 2. c4 e6 3. Nc3 c5 4. Nf3 Nc6 5. cxd5 exd5 6. Bg5 Be7 7. Bxe7 Ngxe7 8.
e3 c4 9. g3 Bf5 10. Bg2 Bd3 11. Qd2 Nb4 12. Rc1 O-O 13. a3 Nbc6 14. Na4 b6 15.
b4 Nf5 16. Nb2 Re8 17. Nxd3 Ncxd4 18. Rc3 cxd3 19. Qxd3 Nxf3+ 20. Bxf3 d4 21.
Rc2 Nxe3 22. Re2 Nc2+ 23. Kd1 Rxe2 24. Kxe2 Rc8 25. Be4 Qe7 26. Rc1 Rc3 27. Rxc2
f5 28. Rxc3 dxc3 29. Qc4+ Kf8 30. Qc8+ Kf7 31. Qxf5+ 1-0

[Event "Xtracon Chess Open 2019"]
[Site "Helsingor DEN"]
[Date "2019.07.28"]
[Round "10.163"]
[White "Wiberg, Jonas"]
[Black "Joensen, Sigurd"]
[Result "1/2-1/2"]
[WhiteElo "1700"]
[BlackElo "1532"]
[WhiteFideId "1720090"]
[BlackFideId "7200935"]
[EventDate "2019.07.20"]

1. d4 f5 2. g3 e6 3. c4 Nf6 4. Nc3 d6 5. Bg2 Be7 6. Nf3 O-O 7. O-O c6 8. a3 a6
9. Re1 Nbd7 10. b3 Rb8 11. b4 h6 12. Qc2 Nh5 13. e4 fxe4 14. Qxe4 Ndf6 15. Qg6
Qe8 16. Qxe8 Nxe8 17. Bh3 Nc7 18. Bg2 Nf6 19. Bb2 Nd7 20. c5 d5 21. Rad1 1/2-1/2

[Event "Xtracon Chess Open 2019"]
[Site "Helsingor DEN"]
[Date "2019.07.28"]
[Round "10.164"]
[White "Rostrup, Nicolai"]
[Black "Jensen, Torben W."]
[Result "0-1"]
[WhiteElo "1462"]
[BlackElo "1693"]
[WhiteFideId "1445073"]
[BlackFideId "1515942"]
[EventDate "2019.07.20"]

1. e4 c5 2. d4 cxd4 3. c3 d3 4. Bxd3 Nc6 5. Be3 g6 6. f4 d6 7. Nf3 Nf6 8. O-O
Bg7 9. Qd2 Ng4 10. Na3 Nxe3 11. Qxe3 O-O 12. Nc2 Bh6 13. Nfd4 e5 14. Ne2 exf4
15. Nxf4 Ne5 16. Be2 Bg4 17. Bxg4 Nxg4 18. Qf3 Ne5 19. Qg3 Bxf4 20. Rxf4 Qb6+
21. Nd4 Nc6 22. Rd1 Rae8 23. Qf2 Nxd4 24. cxd4 Qc6 25. d5 Qa4 26. Rf1 Qd7 27. b3
b6 28. Rc1 Re5 29. Qf3 Qe7 30. Rf1 Kg7 31. a4 f6 32. g4 g5 33. Rf5 Rxe4 34. h4
h6 35. hxg5 hxg5 36. Rf2 Re3 37. Qg2 Qe4 38. Qxe4 Rxe4 39. Rg2 Rc8 40. Rgf2
Rxg4+ 0-1

[Event "Xtracon Chess Open 2019"]
[Site "Helsingor DEN"]
[Date "2019.07.28"]
[Round "10.165"]
[White "Warston, Hakan"]
[Black "Morling, Aase"]
[Result "1-0"]
[WhiteElo "1656"]
[BlackElo "1470"]
[WhiteFideId "1717367"]
[BlackFideId "1440993"]
[EventDate "2019.07.20"]

1. d4 Nf6 2. c4 e6 3. Nc3 Bb4 4. e3 O-O 5. Ne2 d5 6. a3 Be7 7. Ng3 b6 8. Bd3 Bb7
9. O-O Nbd7 10. Qc2 c5 11. Nge2 cxd4 12. Nxd4 Ne5 13. cxd5 exd5 14. Be2 Rc8 15.
Rd1 Ng6 16. Qd2 Ne4 17. Nxe4 dxe4 18. b4 Bf6 19. Bb2 Bxd4 20. Bxd4 Qd5 21. Qb2
f6 22. Bxb6 Qe5 23. Bd4 Qg5 24. Kh1 a6 25. Bc5 Rfe8 26. Qb3+ Kh8 27. Qf7 Ba8 28.
Bxa6 Ne5 29. Qa2 Rc7 30. Bd6 Ra7 31. Bb5 Rd8 32. Bxe5 Rxd1+ 33. Rxd1 fxe5 34.
Qe6 h6 35. Bc4 Kh7 36. Qg8+ Kg6 37. Qe8+ Kh7 38. Bg8+ Kh8 39. Bf7+ Kh7 40. Qg8# 1-0

[Event "Xtracon Chess Open 2019"]
[Site "Helsingor DEN"]
[Date "2019.07.28"]
[Round "10.166"]
[White "Hein, Jacob"]
[Black "Olsen, Kim Alex"]
[Result "0-1"]
[WhiteElo "1422"]
[BlackElo "1651"]
[WhiteFideId "1402870"]
[BlackFideId "1406663"]
[EventDate "2019.07.20"]

1. d4 d5 2. Bf4 c5 3. e3 Qb6 4. b3 Nc6 5. Nc3 e6 6. Qd2 cxd4 7. exd4 Qxd4 8. Bb5
Qxd2+ 9. Bxd2 a6 10. Bxc6+ bxc6 11. a3 Nf6 12. f3 Bd6 13. Nh3 O-O 14. O-O Re8
15. Na4 e5 16. Nf2 Bf5 17. Rfc1 e4 18. fxe4 Nxe4 19. Be3 Nc3 20. Nxc3 Rxe3 21.
Re1 0-1

[Event "Xtracon Chess Open 2019"]
[Site "Helsingor DEN"]
[Date "2019.07.28"]
[Round "10.167"]
[White "Linjord, Anders Jess"]
[Black "Mielow, Bjarne"]
[Result "0-1"]
[WhiteElo "1222"]
[BlackElo "1638"]
[WhiteFideId "1530020"]
[BlackFideId "1415484"]
[EventDate "2019.07.20"]

1. c4 Nf6 2. Nc3 g6 3. d4 Bg7 4. Bg5 d6 5. Nf3 c6 6. e3 O-O 7. Be2 Re8 8. O-O
Nbd7 9. Re1 Nf8 10. Qc2 b6 11. Bf4 Ne6 12. Bg5 Nxg5 13. Nxg5 Bb7 14. Nge4 Nd7
15. Ng3 e5 16. d5 cxd5 17. cxd5 Nf6 18. e4 a6 19. Bf3 b5 20. a3 Rc8 21. Qd2 h5
22. Rac1 Kh7 23. Qd3 Nd7 24. Na2 Nc5 25. Qe2 Bh6 26. Rc2 Qg5 27. Nb4 Nb3 28. Qd3
Rxc2 29. Qxc2 Qd2 30. Re2 Qxc2 31. Rxc2 Nc5 32. Be2 Rc8 33. Nc6 h4 34. Nf1 Nxe4
35. Bf3 Nf6 36. Ne3 e4 37. Ne7 Rxc2 38. Nxc2 exf3 39. gxf3 Nxd5 40. Nxd5 Bxd5
41. Kg2 Bb3 42. Nb4 a5 43. Nc6 a4 44. Nd4 Bc4 45. Kh3 Bg7 46. Nc2 Bf6 47. f4
Be6+ 48. Kg2 Bxb2 49. Kf3 f5 50. h3 Bb3 51. Ne3 Bxa3 52. Kg2 Bc1 53. Nf1 a3 54.
f3 a2 55. Ng3 Bxf4 56. Nxf5 gxf5 57. Kf2 a1=Q 58. Kg2 Be3 59. f4 Qg1+ 60. Kf3
Qf2# 0-1

[Event "Xtracon Chess Open 2019"]
[Site "Helsingor DEN"]
[Date "2019.07.28"]
[Round "10.168"]
[White "Larsen, Mette Dalsgaard"]
[Black "Jensen, Johannes Frank"]
[Result "1/2-1/2"]
[WhiteElo "1637"]
[BlackElo "1347"]
[WhiteFideId "1430718"]
[BlackFideId "1457942"]
[EventDate "2019.07.20"]

1. d4 Nf6 2. c4 e5 3. dxe5 Ng4 4. Nf3 Nc6 5. e3 Bb4+ 6. Nbd2 Qe7 7. Be2 Ngxe5 8.
Nxe5 Nxe5 9. O-O O-O 10. a3 Bxd2 11. Bxd2 d6 12. Bc3 Rd8 13. Qd4 c5 14. Qf4 Ng6
15. Qg3 Bd7 16. Rad1 Bc6 17. Rd2 d5 18. Bf3 dxc4 19. Bxc6 Rxd2 20. Bxd2 bxc6 21.
Bc3 Rd8 22. h3 Rd6 23. Rc1 Kf8 24. Qg4 Kg8 25. Qxc4 h6 26. Qg4 Kh8 27. Qg3 Kg8
28. Ba5 Kh8 29. Bc3 Kg8 30. Qg4 Kh8 31. g3 Ne5 32. Bxe5 Qxe5 33. Qe2 Qf5 34. Rc2
Kg8 35. g4 Qd5 36. e4 Qd1+ 37. Qxd1 Rxd1+ 38. Kg2 Rb1 39. Kf3 g5 40. Ke2 Kf8 41.
Kd3 Ke7 42. Rxc5 Rxb2 43. Rxc6 Rxf2 44. Rxh6 Rf3+ 45. Kd4 Rxa3 46. e5 a5 47. Ke4
a4 48. Kf5 Re3 49. Kxg5 Rxe5+ 50. Kf4 Ra5 51. Rb6 a3 52. Rb1 a2 53. Ra1 Kf6 54.
h4 Ra4+ 55. Kg3 Kg6 56. Kf3 f5 57. gxf5+ Kxf5 58. Ke3 Kg4 59. Kd3 Kxh4 60. Kc3
Kh5 61. Kb3 1/2-1/2

[Event "Xtracon Chess Open 2019"]
[Site "Helsingor DEN"]
[Date "2019.07.28"]
[Round "10.169"]
[White "Eiholt, Bjarne"]
[Black "Bredeli, Havard Iversen"]
[Result "1-0"]
[WhiteElo "1558"]
[BlackElo "1397"]
[WhiteFideId "1411225"]
[BlackFideId "1514440"]
[EventDate "2019.07.20"]

1. d4 Nf6 2. c4 d5 3. Nc3 e6 4. cxd5 exd5 5. Qc2 c6 6. Bg5 Be6 7. e3 Nbd7 8. Bd3
Bd6 9. Nge2 h6 10. Bh4 Qc7 11. Bg3 O-O 12. O-O Rfe8 13. Rae1 Nh5 14. Bxd6 Qxd6
15. Kh1 Nf8 16. Qd2 b6 17. f3 c5 18. e4 cxd4 19. Nb5 Qd7 20. Nbxd4 dxe4 21. fxe4
Bg4 22. Bb5 Qd8 23. Bxe8 Qxe8 24. Nf4 Nf6 25. e5 N6h7 26. h3 Bd7 27. Qf2 Qe7 28.
Nd5 Qc5 29. Qxf7+ Kh8 30. Nb3 Qc2 31. Nf4 Bf5 32. Rc1 Qe4 33. Nh5 Qxe5 34. Rce1
Be6 35. Rxe5 Bxf7 36. Rxf7 Ng5 37. Rxg7 Nfe6 38. Re7 1-0

[Event "Xtracon Chess Open 2019"]
[Site "Helsingor DEN"]
[Date "2019.07.28"]
[Round "10.171"]
[White "Nielsen, Pia"]
[Black "Madsen, Dennis"]
[Result "0-1"]
[WhiteElo "1365"]
[BlackElo "1529"]
[WhiteFideId "1409700"]
[BlackFideId "1425919"]
[EventDate "2019.07.20"]

1. Nf3 g6 2. c4 Bg7 3. d4 d6 4. Nc3 Nh6 5. e4 f5 6. Bd3 fxe4 7. Bxe4 Nf7 8. O-O
Nc6 9. Re1 Bg4 10. h3 Bxf3 11. Qxf3 Nxd4 12. Qd1 c6 13. Rb1 O-O 14. b4 Ne5 15.
c5 dxc5 16. Rb2 cxb4 17. Rd2 Nc4 18. Rd3 bxc3 19. Qa4 b5 20. Qd1 c2 21. Qg4 Ne5
22. Qg5 Nxd3 23. Bxd3 Nf3+ 24. gxf3 Qxd3 25. Bd2 Qxf3 26. Qc5 Rf5 27. Qxc2 Qxf2+
28. Kh1 Qf3+ 29. Kg1 Qg3+ 30. Kh1 Qxh3+ 31. Kg1 Qg3+ 32. Kh1 Rh5# 0-1

[Event "Xtracon Chess Open 2019"]
[Site "Helsingor DEN"]
[Date "2019.07.28"]
[Round "10.172"]
[White "Krabbenhoft, Soren"]
[Black "Mansoor, Areeb"]
[Result "1/2-1/2"]
[WhiteElo "1456"]
[BlackElo "1183"]
[WhiteFideId "1449117"]
[BlackFideId "1535870"]
[EventDate "2019.07.20"]

1. d4 Nf6 2. Nf3 d5 3. c4 Bf5 4. e3 e6 5. Nc3 Nc6 6. Be2 Be7 7. O-O O-O 8. Bd2
h6 9. Rc1 Bg4 10. cxd5 exd5 11. a3 a6 12. Na4 Re8 13. Nc5 Bxc5 14. Rxc5 Ne4 15.
Rc1 Nxd2 16. Qxd2 Qf6 17. Rfe1 Bxf3 18. Bxf3 Rad8 19. Qe2 Nxd4 20. Qd1 Nxf3+ 21.
Qxf3 Qxf3 22. gxf3 c6 23. Rcd1 Re6 24. e4 Re7 25. Rd4 Rdd7 26. Red1 Re5 27. f4
Rh5 28. Kg2 Rh4 29. Kg3 Rh5 30. h4 g6 31. f3 Kg7 32. e5 g5 33. fxg5 hxg5 34. Rg4
Kh6 35. hxg5+ Rxg5 36. f4 Rxg4+ 37. Kxg4 b5 38. Kf5 Kg7 39. Rg1+ Kf8 40. Kf6 c5
41. Rh1 Kg8 42. Rg1+ Kf8 43. Rh1 Kg8 44. Rg1+ 1/2-1/2

[Event "Xtracon Chess Open 2019"]
[Site "Helsingor DEN"]
[Date "2019.07.28"]
[Round "10.173"]
[White "Johansen, Paul Ivar"]
[Black "Thybo, Jan"]
[Result "0-1"]
[WhiteElo "1205"]
[BlackElo "1316"]
[WhiteFideId "1508024"]
[BlackFideId "1438824"]
[EventDate "2019.07.20"]

1. Nf3 Nf6 2. d4 d5 3. Bf4 e6 4. e3 Bd6 5. Bg3 Ne4 6. Bxd6 Qxd6 7. Bd3 Qb4+ 8.
Nbd2 Nxd2 9. Nxd2 Qxb2 10. O-O Qb4 11. Re1 Bd7 12. Nb3 b6 13. e4 O-O 14. exd5
exd5 15. Qh5 g6 16. Qxd5 Bc6 17. Qe5 Re8 18. a3 Qc3 19. Qxe8+ Bxe8 20. Rxe8+ Kg7
21. Rc1 Qc6 22. Re2 Qd6 23. Be4 Nc6 24. Bxc6 Qxc6 25. c4 Re8 26. d5 Qd7 27. Rd2
Qa4 28. Nd4 Qxc4 29. Rdd1 Qxd5 30. Kf1 Qh5 31. Nf3 Qb5+ 32. Kg1 c5 33. g3 Qb3
34. Kg2 Qxa3 35. Ra1 Qb3 36. Rd7 a5 37. Rad1 Re7 38. Rd8 Re6 39. R1d7 Rf6 40.
Rd3 Qb5 41. Re3 Re6 42. Ne5 a4 43. Ra8 Rxe5 44. Rxe5 Qc6+ 0-1

[Event "Xtracon Chess Open 2019"]
[Site "Helsingor DEN"]
[Date "2019.07.28"]
[Round "10.174"]
[White "Storme, Joel"]
[Black "Huse, Lars Paul"]
[Result "1-0"]
[WhiteElo "1448"]
[BlackElo "1124"]
[WhiteFideId "1749021"]
[BlackFideId "1526537"]
[EventDate "2019.07.20"]

1. e4 e6 2. d4 d5 3. e5 Nc6 4. Nf3 f6 5. exf6 Nxf6 6. Bg5 Be7 7. c3 O-O 8. Bb5
Bd7 9. Qe2 Ne4 10. Bxe7 Qxe7 11. Bxc6 Bxc6 12. O-O a6 13. b3 Nd6 14. Re1 Rf6 15.
a4 h6 16. Ne5 Be8 17. Nd2 Bg6 18. Qg4 Bf5 19. Qh4 Nf7 20. Nxf7 Qxf7 21. Nf3 g5
22. Qg3 Be4 23. Ne5 Qg7 24. Re3 Raf8 25. f3 Bg6 26. Rae1 Re8 27. Ng4 Ref8 28.
Rxe6 Rxe6 29. Rxe6 Bf5 30. Re5 Bxg4 31. Qxg4 c6 32. Qe6+ Kh8 33. Qd6 Rf7 34.
Re8+ Kh7 35. Re6 Rf4 36. Re7 Rf7 37. Rxf7 Qxf7 38. Qe5 Qg7 39. Qxg7+ Kxg7 40.
Kf2 Kf6 41. Kg3 Kf5 42. a5 h5 43. h4 gxh4+ 44. Kxh4 Kg6 45. f4 Kf5 46. Kxh5 Kxf4
47. g4 1-0